| 000 | 00822nam a22002537a 4500 | ||
|---|---|---|---|
| 003 | DO-SdBNP | ||
| 005 | 20240411074019.0 | ||
| 007 | ta | ||
| 008 | 210504e2014 dr ||||er|||| 00| m spa d | ||
| 040 |
_aDO-SdBNP _bspa _cBNPHU |
||
| 041 | _hspa | ||
| 082 | 4 |
_bG215e _222 _aRD863.44 |
|
| 100 | 1 |
_aGarcía Coste, Manelik _d1934 _978544 |
|
| 245 | 1 | 3 |
_aEstampas, prosa y poesía / _cManelik García Coste; prólogo, Raul García Bidó |
| 260 |
_aSanto Domingo : _bFundación Pro-desarrollo de la Vega , _c2014 |
||
| 300 |
_a147 p.; _c23 cm |
||
| 590 | _aInventariado, 2021/MFF | ||
| 650 | 0 |
_aCuentos dominicanos _9176 |
|
| 650 | 4 |
_aPoesía dominicana _979349 |
|
| 650 | 4 |
_aLiteratura dominicana _979350 |
|
| 700 | 1 |
_aGarcía Bidó, Raul, _eprólogo _978546 |
|
| 910 | _aValidado. Control de calidad MFF | ||
| 942 |
_2ddc _cLBS1 |
||
| 999 |
_c49800 _d49800 |
||